Heuristic sheduling systems: with applications to production systems and project management

Gorde:
Xehetasun bibliografikoak
Egile Nagusiak: Morton, Thomas E. (Egilea), Pentico, David W (Egilea)
Formatua: Liburua
Hizkuntza:ingelesa
Argitaratua: Nueva York John Wiley 1993
Saila:Wiley Series in Engineering and Technology Management
Gaiak:
Etiketak: Etiketa erantsi
Etiketarik gabe, Izan zaitez lehena erregistro honi etiketa jartzen!

MARC

LEADER 00000nam a2200000 a 4500
001 UCP5383
003 CL-VaPUC
008 990910e19930000US |||||||||||||||||eng|d
082 0 4 |a 658.5  |b MOR  |2 21 
100 |a Morton, Thomas E.  |e author  |9 433749 
700 0 |a Pentico, David W  |e author  |9 433750 
245 1 0 |a Heuristic sheduling systems: with applications to production systems and project management 
300 |a 695 p 
942 |c BK 
945 |d 19990910 00:00:00  |a vberengu 
260 |a Nueva York  |b John Wiley  |c 1993 
500 |a Incluye disquette 
650 0 |a Gestión de la producción   |9 259467 
650 7 |a METODO HEURISTICO  |2 CL-VaPUC  |9 433751 
650 0 |a Producción   |9 263680 
650 0 |a Productividad   |9 335972 
583 |a last modification  |c 19990910 00:00:00  |k Rodrigo Vera 
490 0 |a Wiley Series in Engineering and Technology Management 
999 |c 283144  |d 283142 
952 |0 0  |1 0  |4 0  |6 658_500000000000000_MOR_1993  |7 0  |8 A  |9 325963  |a BIBING  |b BIBING  |d 2019-11-20  |i 3544435  |o 658.5 MOR 1993  |p 3544435  |r 2025-01-20  |w 2019-11-20  |y BK  |k EII